| 000 | 00900nam a2200325 a 4500 | ||
|---|---|---|---|
| 003 | AR-BaBNM | ||
| 005 | 20251128203211.0 | ||
| 008 | 082120s2002 ||||||||||||||000 | spa|| | ||
| 020 | _a84-249-0981-X | ||
| 040 | _cAR-BaBNM | ||
| 100 | 1 | _aBousoño, Carlos | |
| 245 | 0 | 0 |
_aTeoría de la expresión poética _n2 |
| 250 | _a6ª ed. | ||
| 260 |
_aMadrid _bGredos _c1985 |
||
| 300 | _a510 p. | ||
| 490 | 0 |
_aBiblioteca Románica Hispánica. Estudios y ensayos _vv. 7 |
|
| 500 | _aContiene índice de autores en p. 491 | ||
| 500 | _aIndice de materias en p. 465 | ||
| 600 | 1 | 4 | _aBergson, Henri |
| 600 | 1 | 4 | _aJiménez, Juan Ramón |
| 650 | 4 | _aHISTORIA LITERARIA | |
| 650 | 4 | _aPOESIA | |
| 650 | 4 | _aANALISIS LITERARIO | |
| 650 | 4 | _aCRITICA LITERARIA | |
| 650 | 4 | _aINVESTIGACION LITERARIA | |
| 655 | _aLITERATURA | ||
| 800 | 1 |
_aAlonso, Dámaso _edirector |
|
| 942 | _cBK | ||
| 998 | _cisola | ||
| 999 |
_c2355 _d2355 |
||